Hadia jama

Bibliographic Details
Main Author: Wannenburgh, Alf (Author)
Other Authors: Kerlik, Peter, 1946-2016 (Translator)
Format: Article
Language:Slovak
Subjects:

MARC

LEADER 00000nab a2200000 a 4500
001 vtls000028848
003 SK-MaSNL
005 20260304073326.0
008 250423c1979 xo 0 slo
015 |a SNBRB19rr/mm-uuuuu 
035 |a CL0038942 
035 |a urn:nbn:sk:snk-abb7pz 
035 |a (urnnbn)urn:nbn:sk:snk:ar-0048ld 
035 |a (uuid)8adbfde7-6ad5-4d46-ba37-9b54843e3114 
040 |a SNKBUCL  |b slo  |c SNKBUCL  |e AACR2 
041 0 |a slo 
044 |a xo  |c SK 
080 |a 820 (687)-3  |2 1981 
100 1 |a Wannenburgh, Alf  |4 aut  |9 1361758 
245 1 0 |a Hadia jama  |c Alf Wannenburgh ; Peter Kerlik 
650 0 7 |a poviedky sociálne  |2 snkbucl  |9 921073 
650 0 7 |a apartheid  |2 snkbucl  |9 4847 
650 0 7 |a rasizmus  |2 snkbucl  |9 4585 
651 7 |a Južná Afrika  |2 snkbucl  |9 165790 
655 7 |a články z novín a časopisov  |2 snkbucl  |9 267496 
655 7 |a články z odboru literárna veda a krásna literatúra  |2 snkbucl  |9 770045 
700 1 |a Kerlik, Peter,  |d 1946-2016  |4 trl  |9 56084 
773 0 |t Revue svetovej literatúry  |g Roč. 15, č. 2 (1979), s. 149-150 
850 |a Slovenská národná knižnica 
852 |a Slovenská národná knižnica 
958 |a article15 
958 |a RK 
958 |a LX 
958 |a OND 
958 |a EUIPO 
999 |c 2770913  |d 2772843